[Event "Barcelona Rubi op-B 5th"]
[Site "Barcelona"]
[Date "2004.04.??"]
[Round "1"]
[White "Beltran Pubill, Albert"]
[Black "Mayo Delgado, Alfonso"]
[Result "1-0"]
[WhiteElo "1895"]
[BlackElo "1735"]
[PlyCount "101"]
[EventDate "2004.04.25"]
[EventType "swiss"]
[EventRounds "7"]
[EventCountry "ESP"]
[SourceTitle "EXT 2007"]
[Source "ChessBase"]
[SourceDate "2006.11.23"]
[SourceVersion "1"]
[SourceVersionDate "2006.11.23"]
[SourceQuality "1"]

1. e4 c6 2. d4 d5 3. exd5 cxd5 4. Bd3 Nc6 5. Nf3 g6 6. c3 Bg7 7. Bf4 Bg4 8. 0-0 e6 9. Nbd2 Qb6 10. Rb1 Nge7 11. h3 Bxf3 12. Nxf3 0-0 13. Qd2 Qa5 14. a3 Rfe8 15. Rfe1 Nf5 16. Bxf5 exf5 17. Bh6 Re7 18. Rxe7 Nxe7 19. Bxg7 Kxg7 20. Re1 Re8 21. Qf4 Qb5 22. Qc7 Nc8 23. Rxe8 Qxe8 24. Qxb7 h6 25. Qxd5 Qa4 26. Ne5 Qe8 27. Qd7 Kf8 28. Qxe8+ Kxe8 29. f3 Nd6 30. Kf2 a6 31. a4 Ke7 32. b3 g5 33. g3 Ke6 34. Ke3 h5 35. Nc6 g4 36. hxg4 hxg4 37. Nb4 gxf3 38. Kxf3 Ne4 39. c4 Nd2+ 40. Ke3 Nxb3 41. Nxa6 Kd6 42. Nc5 Na5 43. Kd3 Kc6 44. Kc3 Kd6 45. Nd3 Nc6 46. Ne5 Nxe5 47. dxe5+ Kc5 48. Kd3 Kb4 49. Kd4 Kxa4 50. Kd5 Kb4 51. c5 1-0